One Piece All characters - Statistics

General Stats
  • This quiz has been taken 19,190 times
  • The average score is 144 of 1175
Answer Stats
Hint Answer % Correct
Straw Hat Pirates Monkey D. Luffy
98%
Roronoa Zoro
97%
Nami
96%
Vinsmoke Sanji
95%
Cho
94%
Nico Robin
94%
Tony Tony Chopper
93%
Brook
92%
Franky
92%
Red Hair Pirates Shanks
92%
Usopp
91%
Jinbe
90%
Buggy Pirates Buggy
84%
Alvida Pirates Alvida
80%
Arlong Pirates Arlong
74%
Portgas D. Ace
73%
Whitebeard Pirates Edward Newgate
72%
Blackbeard Pirates Marshall D. Teach
72%
Charlotte Family - Parents Charlotte Linlin
71%
Revolutionary Army - Commanders Monkey D. Dragon
71%
Sabo
71%
Baroque Works - Elite Crocodile
70%
Bentham (Mr. 2 Bon Clay)
69%
Heart Pirates Trafalgar D. Water Law
69%
Nefertari Vivi
68%
Yasopp
68%
Galdino (Mr. 3)
67%
Benn Beckman
66%
Kuja Pirates - Gorgon Sisters Boa Hancock
66%
Daz Bonez (Mr. 1)
66%
Kid Pirates Eustass Kid
66%
Beasts Pirates - Leader/All-Stars Kaido
66%
Koby
66%
Vice Admirals Monkey D. Garp
66%
Donquixote Pirates - Captain/Officers Donquixote Doflamingo
65%
Roger Pirates Gol D. Roger
65%
Gem (Mr. 5)
64%
Babe (Mr. 4)
63%
Krieg Pirates Krieg
63%
Marco
63%
Smoker
63%
Marine - Fleet Admiral Akainu
61%
Charlotte Katakuri
61%
God's Army - God and Priests Enel
61%
Jo
61%
Former Marines Kuzan
61%
Rob Lucci
61%
Bartholomew Kuma
60%
Mr. 7
60%
Bellamy Pirates Bellamy
59%
Admirals Kizaru
59%
Black Cat Pirates Kuro
58%
Baroque Works - Frontier Agents Mr. 6
58%
Baratie - Staff Zeff
58%
Foxy Pirates - Who have participated in the Davy Back Fight Foxy
57%
Bonney Pirates Jewerly Bonney
57%
Thriller Bark - Mysterious Four Gecko Moria
55%
King
55%
Lucky Roux
55%
Kuraigana Island Dracule Mihawk
54%
Killer
53%
Kozuki Oden
53%
Silvers Rayleigh
53%
Hawkins Pirates Basil Hawkins
52%
Bepo
52%
Emporio Ivankov
52%
Kaku
52%
Queen
52%
Perona
51%
Lieutenant Commander Helmeppo
50%
Ho
50%
A O
49%
Mr. 9
49%
Ninjin
49%
Carrot
48%
Han
48%
Shells Town Morgan
48%
Alabasta - Royalty and staff Nefertari Cobra
48%
Inspector General Sengoku
48%
Kozuki Momonosuke
46%
Tashigi
46%
Donquixote Rosinante
45%
Rock
45%
Barto Club Bartolomeo
44%
Brogy
44%
Fujitora
44%
Hatchan
44%
Impel Down - Staff Magellan
44%
Su
44%
Punk Hazard - Staff Caesar Clown
43%
Jack
43%
Koala
43%
Little Garden Dorry
42%
Syrup Village Kaya
42%
Mr. 10
42%
Fire Tank Pirates Capone Bege
41%
Charlotte Pudding
41%
Mr. 11
41%
Gin
40%
World Government Im
40%
Kalifa
40%
Kozuki Family - Nine Red Scabbards Kin'emon
40%
Vinsmoke Family Vinsmoke Judge
40%
Black Drum Kingdom Wapol
40%
God's Army - Others Yama
40%
John
39%
Mr. 12
39%
Baroque Works - Others Mr. 13
39%
Rebecca
39%
Shirahoshi
39%
Karakuri Island Vegapunk
39%
Vinsmoke Niji
39%
Vinsmoke Reiju
39%
SWORD Captain X Drake
39%
Pell
38%
Charlotte Cracker
37%
Water 7 - Galley-La Company Iceburg
37%
On Air Pirates Scratchmen Apoo
37%
Senor Pink
37%
Golden Lion Pirates Shiki
37%
CP9 Spandam
37%
Vinsmoke Ichiji
37%
Cocoyashi Village Bell-mère
36%
Charlotte Oven
36%
Charlotte Family - Sons 1-10 Charlotte Perospero
36%
Nekomamushi
36%
Fallen Monk Pirates Urouge
36%
Vinsmoke Yonji
36%
Charlotte Lola
35%
Charlotte Smoothie
35%
Jozu
35%
Kureha
35%
Beautiful Pirates Cavendish
34%
New Fish-Man Pirates - Officers Hody Jones
34%
Jesus Burgess
34%
Ryugu Kingdom - Ryugu Palace Neptune
34%
Beasts Pirates - Others Yamato
34%
Baby 5
33%
Sun Pirates Fisher Tiger
33%
Jango
33%
Tontatta Pirates - Chiefs/Aviation Squad Leo
33%
Nojiko
33%
Zou - Guardians Pedro
33%
Pica
33%
Absalom
32%
Blueno
32%
Zou - Rulers Inuarashi
32%
Zombies - Main Ones Oars
32%
Kuri Citizens Tama
32%
Bounty Hunters Johnny
31%
Alasbata - Super Spot-Billed Duck Troops Karoo
31%
Kurozumi Family Kurozumi Orochi
31%
Merry
31%
Mikita (Miss Valentine)
31%
Rocks Pirates Rocks D. Xebec
31%
Water 7 - Other Citizens Tom
31%
Diamante
30%
Drophy (Miss Merrychristmas)
30%
Jaguar D. Saul
30%
Paulie
30%
Viola
30%
Cabaji
29%
Island of Rare Animals Gaimon
29%
Hogback
29%
Izo
29%
Relevant Figure of the Void Century mentionned at the Sea Forest Joy Boy
29%
Kurozumi Kanjuro
29%
Miss Monday
29%
Monet
29%
Explorer from Lvneel Kingdom Mont blanc Noland
29%
Nola
29%
Scopper Gaban
29%
Shiryu
29%
Donquixote Pirates - Armies Officers Sugar
29%
Trebol
29%
Ulti
29%
Vista
29%
Sakura Kingdom Dalton
28%
Laboon
28%
Marianne (Miss Goldenweek)
28%
Shimotsuki Ryuma
28%
Vergo
28%
Black Maria
27%
Catarina Devon
27%
Ohara - Archeologists Clover
27%
Hiriluk
27%
Jabra
27%
Pearl
27%
Rockstar
27%
Happo Navy Sai
27%
Stussy
27%
Shandia Tribe Wyper
27%
Zala (Miss Doublefinger)
27%
Camie
26%
Crocus
26%
Curly Dadan
26%
Doc Q
26%
Fullbody
26%
Kozuki Hiyori
26%
Ohara - Robin's Family Nico Olvia
26%
Penguin
26%
Raizo
26%
Richie
26%
Charlotte Brûlée
25%
Chew
25%
Kikunojo
25%
Miss Friday
25%
Beasts Pirates - Flying Six Page One
25%
Tea IV
25%
Self-proclaimed Whitebeard's Family Edward Weevil
24%
Hatcha
24%
Revolutionary Army - Others Inazuma
24%
Water 7 - Train Station Kokoro
24%
Kozuki Toki
24%
Kyros
24%
Elbaf Loki
24%
Whitebeard's home island Tama
24%
Who's Who
24%
Yosaku
24%
Boa Marigold
23%
Boa Sandersonia
23%
Den
23%
Ideo Pirates Ideo
23%
Igaram
23%
Alasbata - Rebels Koza
23%
Kuina
23%
Goa Kingdom - Foosha Village Makino
23%
Mohji
23%
Saint Charlos
23%
Thatch
23%
Zeus
23%
Chouchou
22%
Hina
22%
Kiku
22%
Miss Tuesday
22%
Joke Characters Pandaman
22%
Patty
22%
Tamanegi
22%
Tsuru
22%
Van Augur
22%
Denjiro
21%
Miss Thursday
21%
World Economic Journal Morgans
21%
Sanjuan Wolf
21%
Sabaody Archipelago - Residents Shakuyaku
21%
Sora
21%
Tsuru
21%
Vinsmoke Sora
21%
Chadros Higelyges
20%
Charlotte Chiffon
20%
Charlotte Daifuku
20%
Chinjao
20%
Conis
20%
New Giant Warrior Pirates Hajrudin
20%
Laffitte
20%
Miss Saturday
20%
Shu
20%
Belo Betty
19%
Fake Straw Hat Crew - Recruits Caribou
19%
Chaka
19%
Skypieans Gan Fall
19%
Hack
19%
Kawamatsu
19%
Lao G
19%
Saruyama Alliance Mont Blanc Cricket
19%
Vasco Shot
19%
Wanda
19%
Enies Lobby Staff Bas
18%
Boo
18%
Genzo
18%
Hannyabal
18%
Hera
18%
Karasu
18%
Otohime
18%
Ryokugyu
18%
Sham
18%
Ashura Doji
17%
Avalo Pizarro
17%
Chimney
17%
Dellinger
17%
Rosy Life Riders Duval
17%
Fukuro
17%
Ancient Shandia Kalgara
17%
World Government Employees Kong
17%
Big Mom Pirates Pekoms
17%
Sadi
17%
Flying Pirates Vander Decken IX
17%
Buffalo
16%
Gal
16%
Hamburg
16%
Tontatta Kingdom - Civilians Mansherry
16%
Marguerite
16%
Morley
16%
Prometheus
16%
Satori
16%
Science Captain Sentomaru
16%
Amazon Lily Inhabitants Gloriosa
15%
Kumadori
15%
Kuroobi
15%
Lily
15%
Piiman
15%
Sasaki
15%
Stronger
15%
Zou - Others Zunesha
15%
Buchi
14%
Carne
14%
Charlotte Mont-d'Or
14%
Former Bliking Pirates Chess
14%
Fukaboshi
14%
| Macro Pirates Macro
14%
Miss Father's Day
14%
Momonga
14%
Napoleon
14%
Ohm
14%
Ryugu Kingdom - Other Civilians Pappag
14%
Porche
14%
Baterilla Island Portgas D. Rouge
14%
CP9 - Ohara Incident Spandine
14%
Toko
14%
Aisa
13%
Gladius
13%
Boin Archipelago Heracles
13%
Jean Bart
13%
Kiwi
13%
Pound
13%
Speed
13%
Tamago
13%
Yu
13%
Charlotte Flampe
12%
Charlotte Opera
12%
Charlotte Snack
12%
Gedatsu
12%
Hattori
12%
Little Oars Jr.
12%
Momoo
12%
Nero
12%
Yonta Maria Grand Fleet Orlumbus
12%
Rika
12%
Scarlett
12%
Shachi
12%
Squard
12%
Victoria Cindry
12%
Fake Straw Hat Crew Demaro Black
11%
Domino
11%
Funkfreed
11%
Giolla
11%
Heat
11%
Lindbergh
11%
Machvise
11%
Mozu
11%
Nika
11%
Pagaya
11%
Kozuki Family - Other followers Shinobu
11%
Woop Slap
11%
Blue Gilly
10%
Bluejam
10%
Capone Pez
10%
Underworld Carmel
10%
Coribou
10%
Udon Prisoner Mine Prisoners Hyogoro
10%
Shimotsuki Family - Shimotsuki Village Koushirou
10%
Kumashi
10%
Impel Down - Jailer Beasts Minotaurus
10%
Miss Mother's Day
10%
Oimo
10%
Peepley Lulu
10%
Pierre
10%
Dressrosa - Royal Family Riku Doldo III
10%
Sarquiss
10%
Shimotsuki Family Shimotsuki Yasuie
10%
Ryugu Kingdom - Mermaid Café Shyarly
10%
Sodom
10%
Captains T Bone
10%
Vito
10%
Rumbar Pirates Yorki
10%
Aladine
9%
Orange Town Boodle
9%
Charlotte Amande
9%
Charlotte Compo
9%
Gomorrah
9%
Gonbe
9%
Kashii
9%
Manboshi
9%
Masira
9%
Punk Hazard - Children Mocha
9%
Nin
9%
Pinkbeard
9%
Senor Pink's Family Russian
9%
Shura
9%
Goa Kingdom - Nobles Sterry
9%
Tilestone
9%
Alabasta - Other Citizens Toto
9%
Wire
9%
Yokozuna
9%
Abdullah
8%
Beasts Pirates - Gifters Batman
8%
Big Pan
8%
Charlotte Family - Daughters 1-10 Charlotte Compote
8%
Charlotte Montb
8%
Charlotte Family - Daughters 21-30 Charlotte Praline
8%
Dalmatian
8%
Doberman
8%
Dressrosa - Corrida Colosseum Elizabello II
8%
Kuromarimo
8%
Minokoala
8%
Minozebra
8%
Nefertari Titi
8%
Raki
8%
Ryuboshi
8%
Saldeath
8%
Zou - Muskeeters Shishilian
8%
Strawberry
8%
Wadatsumi
8%
CP7 Wanze
8%
Water 7 - Franky Family Zambai
8%
And
7%
Aphelandra
7%
Banchi
7%
Banchina
7%
Bastille
7%
Blamenco
7%
Charlotte Galette
7%
Chocolat
7%
Cover Stories - Ukkari Hot-Spring Island Goro
7%
Gotti
7%
Goa Kingdom - Criminals Higuma
7%
Holdem
7%
Hotori
7%
Jeet
7%
John Giant
7%
Kotori
7%
Kozuki Family Kozuki Sukiyaki
7%
Monster
7%
Nezumi
7%
Giant Bird who caught Luffy in its beak near Orange Town Pinky
7%
Kuja Pirates - Others Ran
7%
Saint Donquixote Mjosgard
7%
Sam
7%
Scotch
7%
Shelly
7%
Shoujou
7%
Smiley
7%
Sweet Pea
7%
Whitey Bay
7%
Unknow Rank Marines Bogard
6%
Charlotte Mash
6%
Gerd
6%
Heppoko
6%
Jarul
6%
Kamakiri
6%
Kingbaum
6%
Lassoo
6%
Goa Kingdom - Sea King Lord of the Coast
6%
Mash
6%
Minorhinoceros
6%
Namur
6%
Peppoko
6%
Pickles
6%
Poppoko
6%
Ririka
6%
Streusen
6%
Suleiman
6%
Surume
6%
Terracotta
6%
Long Ring Long Land Tonjit
6%
Tyrannosaurus
6%
Zeo
6%
Amazon
5%
Atmos
5%
Babanuki
5%
Bao
5%
Bobbin
5%
Braham
5%
Cerberus
5%
Charlotte Angel
5%
Charlotte Brownie
5%
Charlotte Cinnamon
5%
Charlotte Citron
5%
Charlotte Custard
5%
Charlotte Mascarpone
5%
Charlotte Moscato
5%
Columbus
5%
Curiel
5%
Daruma
5%
Disco
5%
Dosun
5%
Gazelleman
5%
Gimlet
5%
Reverie - Other Kingdom Representatives Ham Burger
5%
Haruta
5%
Hyouzou
5%
Loguetown Ipponmatsu
5%
Island Eater
5%
CP6 Jerry
5%
Kabu
5%
Kelly Funk
5%
Kerville
5%
Spade Pirates Masked Deuce
5%
Megalo
5%
Minister of the Left
5%
Minister of the Right
5%
Minochihuahua
5%
Mochi
5%
Monda
5%
Pandawoman
5%
Saint Donquixote Homing
5%
Kuja Pirates - Animals Salome
5%
World Nobles Pet Saru
5%
Scotch
5%
Silver Axe
5%
Soro
5%
Law's Flashback Trafalgar Lami
5%
Zepo
5%
Bian
4%
Blenheim
4%
Bobby Funk
4%
Super Penguin Camel
4%
Cover Stories - St. Poplar Candy
4%
Capote
4%
Charlotte Anana
4%
Charlotte Cadenza
4%
Charlotte Counter
4%
Charlotte Gala
4%
Charlotte High-Fat
4%
Charlotte Kato
4%
Charlotte Mondée
4%
Charlotte Mozart
4%
Charlotte Newgo
4%
Charlotte Newichi
4%
Charlotte Newji
4%
Charlotte Newsan
4%
Charlotte Newshi
4%
Charlotte Nusstorte
4%
Charlotte Nutmeg
4%
Charlotte Raisin
4%
Cocoa
4%
Daifugo
4%
Daisy
4%
Fossa
4%
Kurozumi Family - Orochi Oniwabanshu Fukurokuju
4%
Gambia
4%
Genbo
4%
Goldberg
4%
Weatheria Haredas
4%
Hildon
4%
Hocker
4%
Hoe
4%
Holy
4%
Ichika
4%
Ideaman
4%
Ikaros Much
4%
Ikkaku
4%
Isa
4%
Jorul
4%
Kappa
4%
Kinderella
4%
Kingdew
4%
Kobe
4%
Marie
4%
Matsuge
4%
McKinley
4%
Mr. Beans
4%
Mr. Love
4%
Mummy
4%
Oliva
4%
Onigumo
4%
Porchemy
4%
Rakuyo
4%
Road
4%
Sanka
4%
Cover Stories - Island of Rare Animals Sarfunkel
4%
Beasts Pirates - Headliners Sheepshead
4%
Speed Jiru
4%
Uni
4%
Very Good
4%
Yonka
4%
Ranch girl who asked the giants about the size of the Sea Kings they killed Yuki
4%
Ahiru
3%
Albion
3%
Alpacaman
3%
Andre
3%
Arrow
3%
Bacura
3%
Bakkin
3%
Barrel
3%
Batchee
3%
Beer VI
3%
Blackback
3%
Blue Fan
3%
Bomba
3%
Brannew
3%
Bunny Joe
3%
Cancer
3%
Chabo
3%
Charlotte Family - Daughters 30-39 Charlotte Akimeg
3%
Charlotte Allmeg
3%
Charlotte Anglais
3%
Charlotte Basskarte
3%
Charlotte Bavarois
3%
Charlotte Broyé
3%
Charlotte Cabaletta
3%
Charlotte Family - Daughters 11-20 Charlotte Cornstarch
3%
Charlotte Dolce
3%
Charlotte Dragée
3%
Charlotte Effilée
3%
Charlotte Fuyumeg
3%
Charlotte Hachée
3%
Charlotte Harumeg
3%
Charlotte Joconde
3%
Charlotte Joscarpone
3%
Charlotte Laurin
3%
Charlotte Maple
3%
Charlotte Marble
3%
Charlotte Family - Sons 31-40 Charlotte Mobile
3%
Charlotte Noisette
3%
Charlotte Family - Sons 41-46 Charlotte Nougat
3%
Charlotte Poire
3%
Charlotte Prim
3%
Charlotte Saint-Marc
3%
Charlotte Family - Sons 21-30 Charlotte Tablet
3%
Charlotte Yuen
3%
Cocox
3%
Corgi
3%
Cosmo
3%
Cowboy
3%
Daddy Dee
3%
Dagama
3%
Decalvan Brothers
3%
Diesel
3%
Diez Barrels
3%
Dogra
3%
Whitebeard Subordinate Captains Doma
3%
Drip
3%
Eddy
3%
Farul
3%
Faust
3%
Fuza
3%
Gally
3%
Dressrosa - Civilians Gatz
3%
Ginrummy
3%
Gorilla
3%
Hamlet
3%
Hammond
3%
Hustle
3%
Indigo
3%
Inuppe
3%
Ipponume
3%
Ivan X
3%
Jigoro
3%
Lady Tree
3%
Laskey
3%
Lionbuta
3%
Magra
3%
Marin
3%
Maynard
3%
McGuy
3%
Michael
3%
Milky
3%
Miss Catherina
3%
Miyagi
3%
Cover Stories - Lulusia Kingdom Moda
3%
Momousagi
3%
Baratie - Visitors Moodie
3%
Mornin
3%
Mouseman
3%
Mousse
3%
Mr. Mellow
3%
Mummy Mee
3%
Nako
3%
Nitro
3%
Ochoku
3%
Shimotsuki Family - Servant Onimaru
3%
Outlook III
3%
Pisaro
3%
Poker
3%
Poro
3%
Commodores Pudding Pudding
3%
Raijin
3%
Randolph
3%
Commander Ripper
3%
Kage Kage no Mi's victims Risky Brothers
3%
Robson
3%
Ross
3%
Roxanne
3%
World Nobles Saint Rosward
3%
Shimotsuki Kozaburo
3%
Shimotsuki Ushimaru
3%
Skull
3%
Stainless
3%
Stansen
3%
Tacos
3%
Take
3%
Mock Town Terry
3%
Momoiro Island Tibany
3%
Tristan
3%
Ucy
3%
Wicca
3%
Yonka Two
3%
Acilia
2%
Adele
2%
Aggie 68
2%
Akumai
2%
Anjo
2%
Arthur
2%
Attach
2%
Banshee
2%
Bao Huang
2%
Bariete
2%
Barry
2%
Belladonna
2%
Ebisu Town Bingo
2%
Bizarre
2%
Blondie
2%
Bobomba
2%
Bongo
2%
Bourbon Jr.
2%
Brahm
2%
Brew
2%
Briscola
2%
Bungo
2%
Charlotte Basans
2%
Charlotte Chiboust
2%
Charlotte Dacquoise
2%
Charlotte De-Chat
2%
Charlotte Dosmarche
2%
Charlotte Kanten
2%
Charlotte Marnier
2%
Charlotte Melise
2%
Charlotte Myukuru
2%
Charlotte Normande
2%
Charlotte Panna
2%
Charlotte Wafers
2%
Charlotte Wiro
2%
Charlotte Family - Sons 11-20 Charlotte Zuccotto
2%
Chaton
2%
Chicken
2%
Choi
2%
Chuchun
2%
Clione
2%
Comil
2%
Concelot
2%
Germa Kingdom Cosette
2%
Cosmos
2%
Cotton
2%
Dobon
2%
Du Feld
2%
Totto Land Residents Eggplant Soldier
2%
Elmy
2%
Epoida
2%
Erik
2%
Tontatta Pirates - Other members Flapper
2%
Fourtricks
2%
Fujin
2%
Gancho
2%
Ganryu
2%
Gatherine
2%
Gina
2%
Giovanni
2%
Gode
2%
Goki
2%
Goo
2%
Gram
2%
Gyaro
2%
Gyoro
2%
Gyro
2%
Hanger
2%
Hanzo
2%
Hasami
2%
Herb
2%
Hoichael
2%
Ishilly
2%
Foxy Pirates - Others Itomimizu
2%
Kagikko
2%
Kaneshiro
2%
Karma
2%
Kentauros
2%
Kiev
2%
Kikyo
2%
Koda
2%
Komachiyo
2%
Kop
2%
Kotatsu
2%
Perona's Pet as a child (SBS) Kumae
2%
Kurozumi Higurashi
2%
Kurozumi Semimaru
2%
Donquixote Pirates - Others Kyuin
2%
Lacroix
2%
Lip Doughty
2%
Madilloman
2%
Maidy
2%
Mani
2%
Manjaro
2%
Margarita
2%
Mario
2%
Minatomo (East Blue)
2%
Flower Capital Citizens Minatomo (New World)
2%
MocDonald
2%
Monji
2%
Motobaro
2%
Motzel
2%
Mozambia
2%
Mr. Shimizu
2%
Muret
2%
Nugire Yainu
2%
Oran
2%
Homies Pandora
2%
Pansy
2%
Peterman
2%
Poppy
2%
Queen Mama Chanter
2%
Rabbitman
2%
Rabiyan
2%
Ramen
2%
Rindo
2%
Rivers
2%
Roddy
2%
Rokkaku
2%
Run
2%
Saber
2%
Saint Jalmack
2%
Saint Sharlia
2%
Kyuka Island Samurai Batts
2%
Sapi
2%
Sarahebi
2%
Seagull Guns Nozdon
2%
Seto
2%
Sharinguru
2%
Shioyaki
2%
Sind
2%
Snakeman
2%
Solitaire
2%
Spartan
2%
Spencer
2%
Stomp
2%
Sunbell
2%
Tamagon
2%
Tank Lepanto
2%
Tansui
2%
Zombies - Secondary Ones Tararan
2%
Taro
2%
Terry Gilteo
2%
Teru
2%
Tomato Gang
2%
Turco
2%
Ukkari
2%
Usagihebi
2%
Yamakaji
2%
Man killed in Upper Yard in front of Nami Zabo
2%
Agotogi
1%
Agsilly
1%
Agyo
1%
Ahho Desunen IX
1%
Ahho Zurako
1%
Akehende
1%
Ally
1%
Amadob
1%
Ankoro
1%
Antonio
1%
Aremo Ganmi
1%
Asahija
1%
Aswa
1%
Baggaley
1%
Bakezo
1%
Ban Dedessinée
1%
Bankuro
1%
Baxcon
1%
Bellett
1%
Bishamon
1%
Biyo
1%
Blumarine
1%
Brocca
1%
Buche
1%
Buhichuck
1%
Bunbuku
1%
Bushon
1%
Busshiri
1%
Byron
1%
Candre
1%
Cands
1%
Catacombo
1%
CB Gallant
1%
Chao
1%
Chappe
1%
Choco Police
1%
Chome
1%
Colscon
1%
Cornelia
1%
Dachoman
1%
Daidalos
1%
Daigin
1%
Daikoku
1%
Daikon
1%
Damask
1%
Delacuaji
1%
Sabaody Archipelago - Slaves Devil Dias
1%
Didit
1%
Dirt Boss
1%
Dogya
1%
Doha Ittanka II
1%
Domo-kun
1%
Donovan
1%
Donquino
1%
Doran
1%
Doringo
1%
Draw
1%
Drug Peclo
1%
Ducky Bree
1%
Eiri
1%
Enishida
1%
Eponi
1%
Erio
1%
Esta
1%
Farafra
1%
Fillonce
1%
Finamore
1%
Doctor Fishbonen
1%
Forest Boss
1%
Forliewbs
1%
Francois
1%
Galaxy
1%
George Black
1%
George Mach
1%
Giberson
1%
Cover Stories - Sea Floor Goldfish Princess
1%
Grabar
1%
Great Michael
1%
Gyoru
1%
Hakowan
1%
Hangan
1%
Hanji
1%
Happa Yamao
1%
Happygun
1%
Hewitt
1%
Hihimaru
1%
Hikoichi
1%
Hippo Gentleman
1%
Hiramera
1%
Hitsugisukan
1%
Hocha
1%
Kurozumi Family - Other Followers Hotei
1%
Hublot
1%
Humphrey
1%
Hyota
1%
Tontatta Pirates - Reconnaissance Squad Inhel
1%
Ishigo Shitemanna
1%
Islewan
1%
Characters introduced in Canon One Piece Novels Isuka
1%
Jacksonbanner
1%
Beasts Pirates - Numbers Jaki
1%
Jean Ango
1%
Impel Down - Prisoners Jean Goen
1%
Jeep
1%
Jero
1%
Jew Wall
1%
Jibuemon
1%
Jigoku Benten
1%
Jigra
1%
Jobo
1%
Jorge
1%
Judy
1%
Juki
1%
Julius
1%
Kadar
1%
Kairen
1%
Kakukaku
1%
Kamijiro
1%
Raijin Island Kasa
1%
Kasagoba
1%
Kashigami
1%
Kazekage
1%
Kebi
1%
Kechatch
1%
Keith
1%
Kibagaeru
1%
Kimel
1%
Kinga
1%
Kinoko
1%
Kitton
1%
Kotetsu
1%
Koze
1%
Kukai
1%
Kyoshiro Family Kuni
1%
Kyuji
1%
Kyukyu
1%
Lacuba
1%
Lemoncheese
1%
Leonero
1%
Seamen Lines
1%
Writers Louis Arnote
1%
Lulis
1%
Ensign Makko
1%
Maria Napole
1%
Marilyn
1%
Chief Petty Officers Mashikaku
1%
Master of the Waters
1%
Matryo Princesses
1%
Mauji
1%
MAX Marks
1%
Mayushika
1%
Meadows
1%
Mero
1%
Mihar
1%
Mikio Itoo
1%
Millet Pine
1%
Milo
1%
Minoruba
1%
Mizerka
1%
Mizuira
1%
Moon Isaac Jr.
1%
Mounblutain
1%
Mountain God
1%
Mountain Ricky
1%
Moyle
1%
Mr. Momora
1%
Muchana
1%
Mugren
1%
Nangi
1%
Natto
1%
Negikuma Maria
1%
Nerine
1%
Ninth
1%
Noble Croc
1%
Nora Gitsune
1%
Nosgarl
1%
Octopako
1%
Okame
1%
Omasa
1%
Ossamondo
1%
Packy
1%
Palms
1%
Pascia
1%
Pavlik
1%
Petermoo
1%
G5 Soldiers Pike
1%
Potsun
1%
Pirate who attempted to attack Nanohana Puppu
1%
Raccoon
1%
Raideen
1%
Ramba
1%
Rampo
1%
Reforte
1%
Reporter on Sabaody Reuder
1%
Rint
1%
Roche
1%
Roji
1%
Rolling Logan
1%
Ronse
1%
Rowing
1%
Rush
1%
Saki
1%
Sarutobi
1%
Schollzo
1%
Seamars
1%
Seira
1%
Seki
1%
Torino Kingdom Shanba
1%
Shine
1%
Shion
1%
Girl from Kid and Killer's childhood (SBS) Shiruton Doruyanaika
1%
Rear Admirals Sicily
1%
Sleepy
1%
Smooge
1%
Sonieh
1%
Spacey
1%
Spector
1%
Ryugu Kingdom - Visitors Splash
1%
Splatter
1%
Spoil
1%
Lieutenant Junior Grades Stalker
1%
Stefan
1%
Stevie
1%
Suke
1%
Sukoshiba Kanishitoru
1%
Tamachibi
1%
Taroimo
1%
Tenguyama Hitetsu
1%
Tsunokkov
1%
Ultraking
1%
Umit
1%
Unforgivable Mask
1%
Unigaro
1%
Urashima
1%
Impel Down - Newkama Land Usakkov
1%
Uzu
1%
Vitan
1%
Wallace
1%
Wallem
1%
Wany
1%
Warashi
1%
Wellington
1%
Willie Gallon
1%
Yamon
1%
Yarisugi
1%
Yomo
1%
Yoshimoto
1%
Yotsubane
1%
Yui
1%
Zadie
1%
Zodia
1%
Lieutenants Zotto
1%
Zucca
1%
An Zegaiina
0%
Cover Stories - Pucci Bimine
0%
Chesskipa
0%
Cover Stories - Niho Navy Chichilisia
0%
Chicory
0%
Dobby Ibadonbo
0%
Egana
0%
Eikon
0%
Fen Bock
0%
Cover Stories - Rebel Leader Gaburu
0%
Gaikotsu Yukichi
0%
Wano - Others Gama Pyonnosuke
0%
Ginko
0%
Gorishiro
0%
Gorobe
0%
New Fish-Man Pirates - Others Harisenbon
0%
Pirate captured by the Kid Pirates on their way to the New World Haritsu Kendiyo
0%
Ibusu
0%
Junan
0%
Kairiken
0%
Kairo Kureyo
0%
Former Robin associates Kanezenny
0%
Katsuzo
0%
Kisegawa
0%
Reverie - Companions Komane
0%
Konbu
0%
Koyama
0%
One of the CP9 member's mother (SBS) Kumadori Yamanbako
0%
Kumagoro
0%
Kumaguchi Ichiro
0%
Kurokoma
0%
Kurotsuru
0%
Marumieta
0%
Mizuta Madaisuki
0%
Mizuta Mawaritosuki
0%
Mororon
0%
Mukkashimi Tower
0%
Nazu Ketagari
0%
Nigeratta
0%
Nnke-kun
0%
Nubon
0%
Nyasha
0%
Pankuta Dakeyan
0%
Papaneel
0%
Harahettania Kingdom/Kenzan Island Pekkori
0%
Pellini
0%
Potaufeu
0%
Rakuda
0%
Rangram
0%
Roche Tomson
0%
Samosa
0%
Sancrin
0%
Sarie Nantokanette
0%
Shin Detemaruka
0%
Shin Jaiya
0%
Tegata Ringana
0%
Tetsu
0%
Thalassa Lucas
0%
Togare
0%
Tokijiro
0%
Cover Stories - Karakuri Island/Space Tsukimi
0%
Tsunagoro
0%
Uhho
0%
Uholisia
0%
Faces on Belly Bills Usaguchi Hideo
0%
Yamenahare
0%
Yatappe
0%
Yazaemon
0%
Cover Stories - Tulip Pirates Yurikah
0%
No matching quizzes found
Score Distribution
Percent of People with Each Score
Percentile by Number Answered
Your Score History
You have not taken this quiz